| 000 | 00792cab a2200265 4500 | ||
|---|---|---|---|
| 001 | ABS50524 | ||
| 008 | 090401t1994 xxu||||| |||| 00| 0 eng d | ||
| 035 | _a(Sirsi) u76328 | ||
| 041 | _aeng | ||
| 100 | _aMorris, A. | ||
| 245 | _aWhen bottom of the league is best | ||
| 260 | _c1994 | ||
| 350 | _a0 | ||
| 490 |
_aBuilding Economist _vMarch 1994, 17(1) |
||
| 520 | _aNotes that the number of negligence claims against quantity surveyors is rising, although it is still well below claims against valuers. | ||
| 650 | _aNEGLIGENCE | ||
| 650 | _aPROFESSIONAL INDEMNITY INSURANCE | ||
| 650 | _aQUANTITY SURVEYORS | ||
| 650 | _aVALUATIONS | ||
| 650 | _aVARIATIONS | ||
| 690 | _aPROFESSIONAL PRACTICE | ||
| 690 |
_aQuantity surveying _96263 |
||
| 942 | _n0 | ||
| 948 | _c04/03/1997 | ||
| 999 |
_c48027 _d48027 |
||